| 000 | 00670nam a22001937a 4500 | ||
|---|---|---|---|
| 003 | OSt | ||
| 005 | 20260423034212.0 | ||
| 008 | 251104b |||||||| |||| 00| 0 eng d | ||
| 020 | _a0-07-313747-2. | ||
| 040 |
_aDWCL-Main lib _cOC |
||
| 082 |
_211th ed. _aCirc. 301 K87a 2006 |
||
| 100 | _aConrad P. Kottak | ||
| 245 |
_aAnthropology : _bthe human diversity 11th ed. _cConrad P. Kottak |
||
| 260 |
_aBoston : _bMcGraw-Hill Higher Education, _cc2006. |
||
| 300 |
_axxxvii, (various paging) : _bcolored illustration ; _c27 cm. + 1 CD-ROM. |
||
| 504 | _aIncludes bibliographical references and index. | ||
| 650 | _21. Anthropology. | ||
| 942 |
_2ddc _cBK-CIRC _e11th ed. _kCirc. _n0 |
||
| 999 |
_c5439 _d5439 |
||